Gemeinden Landkreis Neuburg-Schrobenhausen - Statistiken

Allgemein
  • Dieses Quiz wurde 36 mal gespielt
  • Das Durchschnittsergebnis liegt bei 9 aus 18
Antwortstatistiken
Einwohner Gemeindeart Gemeindename % Korrekt
29.793 Große Kreisstadt Neuburg an der Donau
96%
17.226 Stadtgemeinde Schrobenhausen
91%
1.305 Gemeinde Berg im Gau
78%
5.927 Gemeinde Karlshuld
70%
1.878 Gemeinde Bergheim
57%
3.822 Gemeinde Ehekirchen
57%
4.825 Gemeinde Königsmoos
57%
4.983 Gemeinde Karlskron
52%
4.966 Marktgemeinde Rennertshofen
48%
1.714 Gemeinde Brunnen
43%
4.551 Marktgemeinde Burgheim
43%
2.445 Gemeinde Weichering
43%
3.017 Gemeinde Oberhausen
35%
2.852 Gemeinde Aresing
26%
1.591 Gemeinde Langenmosen
26%
1.548 Gemeinde Rohrenfels
26%
2.537 Gemeinde Gachenbach
22%
2.323 Gemeinde Waidhofen
22%
Keine übereinstimmenden Quizze gefunden
Verteilung der Resultate
Anzahl Personen mit jedem Resultat
Perzentil nach korrekt beantworteten Fragen
Ihre Resultats-Entwicklung
Sie haben dieses Quiz noch nicht gespielt